Rust Basics - Statistics

General Stats
  • This quiz has been taken 724 times
  • The average score is 9 of 15
Answer Stats
Question Answer % Correct
Material that you gather in order to build a base (often found with leaves on it). Wood
99%
Material that you gather to make stronger tools and certain objects (you may often find this of high quality when you swing the last swing of your pickaxe). Metal Ore
98%
Material that you gather in order to build basic tools (pickaxe, hatchet). Stone
98%
Material that you gather that when smelted is used to make explosives (yellow in color). Sulfur
96%
When Metal Ore is smelted, you get what? Metal Fragments
80%
When you use a unique design at the entrance of your base to keep others from breaking in, you have created an ___ ____. Air Lock
71%
In order to unlock better items, you need to build a what? (3 different levels) Workbench
58%
If a person is _____, then they most likely just started. Naked
57%
Very good loot is often found in crates at _________. (What locations around the map are called). Monuments
54%
Hemp, when gathered, gives you hemp seeds and _____. Cloth
48%
All bases need a __________, which holds the base up. Foundation
46%
Some might consider _____ to be the most valuable material, because of its scarcity and demand. (A recycler is often used to gather this). Scrap
44%
The original state of the game, without mods, is called _______. Vanilla
36%
____ is often found in red barrels. Fuel
35%
After they have the basic materials, most players become ________. Toxic
7%
No matching quizzes found
Score Distribution
Percent of People with Each Score
Percentile by Number Answered
Your Score History
You have not taken this quiz